[Event "San Jose Chess sin Fronteras"]
[Site "San Jose"]
[Date "2025.02.17"]
[Round "9"]
[White "Perdomo, Leandro Daniel"]
[Black "Sivakumar, Shaaketh"]
[Result "1/2-1/2"]
[WhiteElo "2364"]
[BlackElo "2289"]
[PlyCount "47"]
[EventDate "2025.02.14"]
[EventType "tourn"]
[EventRounds "9"]
[EventCountry "USA"]
[EventCategory "2"]
[SourceTitle "CB09_2025"]
[SourceDate "2025.02.27"]
[SourceVersion "1"]
[SourceVersionDate "2025.02.27"]
[SourceQuality "1"]

1. d4 Nf6 2. c4 e6 3. Nf3 Bb4+ 4. Nc3 0-0 5. g3 b6 6. Bg2 Bb7 7. 0-0 Bxc3 8. bxc3 d6 9. Re1 Nbd7 10. Nh4 Bxg2 11. Nxg2 c5 12. e4 Qc7 13. Qd3 Rac8 14. Ne3 Rfe8 15. f3 cxd4 16. cxd4 e5 17. Bb2 exd4 18. Bxd4 Ne5 19. Bxe5 dxe5 20. Red1 Red8 21. Nd5 Qc5+ 22. Kg2 Kh8 23. Rac1 b5 24. Ra1 1/2-1/2

[Event "Titled Tuesday intern op 24th Sep Late"]
[Site "Chess.com INT"]
[Date "2024.09.24"]
[Round "5"]
[White "Hakobyan, Aram"]
[Black "Sivakumar, Shaaketh"]
[Result "1-0"]
[WhiteElo "2617"]
[BlackElo "2296"]
[PlyCount "57"]
[EventDate "2024.09.24"]
[EventType "swiss (blitz)"]
[EventRounds "11"]
[EventCountry "USA"]
[SourceTitle "EXT 2025"]
[Source "ChessBase"]
[SourceDate "2024.10.14"]
[SourceVersion "1"]
[SourceVersionDate "2024.10.14"]
[SourceQuality "1"]

1. e4 e6 2. d4 d5 3. exd5 exd5 4. Nf3 Nc6 5. Bb5 Bg4 6. h3 Bh5 7. g4 Bg6 8. Ne5 Nge7 9. Qe2 Qd6 10. Bxc6+ bxc6 11. Nc3 f6 12. Nxg6 hxg6 13. Be3 g5 14. 0-0-0 Kf7 15. h4 gxh4 16. g5 Ng6 17. gxf6 gxf6 18. Rdg1 Be7 19. Qg4 Rag8 20. Ne2 Qe6 21. Qf3 Bd6 22. Rg4 a5 23. a3 a4 24. Kb1 Rh7 25. Ng1 Rb8 26. Nh3 Qc8 27. Ng5+ Kg7 28. Nxh7 Bxa3 29. Qxf6+ 1-0

[Event "Titled Tuesday intern op 24th Sep Late"]
[Site "Chess.com INT"]
[Date "2024.09.24"]
[Round "4"]
[White "Sivakumar, Shaaketh"]
[Black "Dumanuly, Sultanbeibarys"]
[Result "1-0"]
[WhiteElo "2296"]
[BlackElo "2081"]
[PlyCount "41"]
[EventDate "2024.09.24"]
[EventType "swiss (blitz)"]
[EventRounds "11"]
[EventCountry "USA"]
[SourceTitle "EXT 2025"]
[Source "ChessBase"]
[SourceDate "2024.10.14"]
[SourceVersion "1"]
[SourceVersionDate "2024.10.14"]
[SourceQuality "1"]

1. e4 c5 2. Nf3 Nc6 3. Bb5 e5 4. 0-0 Bd6 5. c3 a6 6. Ba4 b5 7. Bc2 Nf6 8. d4 exd4 9. cxd4 Nxd4 10. Nxd4 cxd4 11. e5 Bxe5 12. Re1 d6 13. f4 Qc7 14. fxe5 dxe5 15. Bf4 Nd7 16. Be4 Rb8 17. Qxd4 0-0 18. Bg3 Qa5 19. Qd2 b4 20. Na3 f5 21. Qd5+ 1-0

[Event "Titled Tuesday intern op 17th Sep Late"]
[Site "Chess,com INT"]
[Date "2024.09.17"]
[Round "1"]
[White "Sivakumar, Shaaketh"]
[Black "Fernandez Siles, Luis"]
[Result "0-1"]
[WhiteElo "2296"]
[BlackElo "2189"]
[PlyCount "62"]
[EventDate "2024.09.17"]
[EventType "swiss (blitz)"]
[EventRounds "11"]
[EventCountry "USA"]
[SourceTitle "EXT 2025"]
[Source "ChessBase"]
[SourceDate "2024.10.14"]
[SourceVersion "1"]
[SourceVersionDate "2024.10.14"]
[SourceQuality "1"]

1. d4 Nf6 2. Nf3 g6 3. Nc3 d5 4. Bf4 c6 5. e3 Bg4 6. Be2 Bxf3 7. Bxf3 Bg7 8. 0-0 0-0 9. Qd2 Nfd7 10. e4 dxe4 11. Nxe4 e5 12. Bg5 f6 13. Bh6 Bxh6 14. Qxh6 exd4 15. Rad1 c5 16. c3 Nc6 17. Nd6 Qe7 18. Bd5+ Kh8 19. Nxb7 Nde5 20. cxd4 cxd4 21. f4 Ng4 22. Qh4 Nb4 23. Rfe1 Ne3 24. Bf3 Nbc2 25. Re2 Rab8 26. Na5 Qc5 27. Nb3 Rxb3 28. axb3 Nxd1 29. Re6 d3+ 30. Kf1 Nce3+ 31. Ke1 Qb4# 0-1

[Event "San Jose 1000 GM Labor Day op"]
[Site "San Jose"]
[Date "2024.09.02"]
[Round "6"]
[White "Guo, Andrew"]
[Black "Sivakumar, Shaaketh"]
[Result "1/2-1/2"]
[WhiteElo "2207"]
[BlackElo "2307"]
[PlyCount "63"]
[EventDate "2024.08.30"]
[EventType "swiss"]
[EventRounds "9"]
[EventCountry "USA"]
[SourceTitle "EXT 2025"]
[Source "ChessBase"]
[SourceDate "2024.10.14"]
[SourceVersion "1"]
[SourceVersionDate "2024.10.14"]
[SourceQuality "1"]

1. d4 e6 2. c4 Nf6 3. g3 d5 4. Bg2 Bb4+ 5. Bd2 Be7 6. Nf3 0-0 7. 0-0 c6 8. Qc2 Nbd7 9. Bf4 a5 10. Rd1 a4 11. Ne5 Nh5 12. Bd2 f5 13. Nd3 Nhf6 14. Bb4 Bxb4 15. Nxb4 Ne4 16. e3 g5 17. Nd2 g4 18. Nd3 Qe7 19. Nf4 Ndf6 20. Nxe4 fxe4 21. Qc3 Bd7 22. h4 b5 23. cxb5 cxb5 24. Rac1 Rfc8 25. Qd2 Kf7 26. Rxc8 Rxc8 27. Rc1 Rxc1+ 28. Qxc1 Qd6 29. a3 b4 30. Bf1 Qb6 31. Qd2 b3 32. Qc3 1/2-1/2

[Event "San Jose 1000 GM Labor Day op"]
[Site "San Jose"]
[Date "2024.09.01"]
[Round "4"]
[White "Mikaelyan, Arman"]
[Black "Sivakumar, Shaaketh"]
[Result "1-0"]
[WhiteElo "2529"]
[BlackElo "2307"]
[PlyCount "57"]
[EventDate "2024.08.30"]
[EventType "swiss"]
[EventRounds "9"]
[EventCountry "USA"]
[SourceTitle "EXT 2025"]
[Source "ChessBase"]
[SourceDate "2024.10.14"]
[SourceVersion "1"]
[SourceVersionDate "2024.10.14"]
[SourceQuality "1"]

1. c4 b6 2. e4 Bb7 3. Nc3 e6 4. Nge2 c5 5. d4 cxd4 6. Nxd4 Bb4 7. Ndb5 Nf6 8. Nd6+ Bxd6 9. Qxd6 Bxe4 10. Nb5 Na6 11. Qa3 Nc5 12. Nd6+ Kf8 13. Be3 Qe7 14. Bxc5 bxc5 15. Qxc5 Bc6 16. 0-0-0 Ne4 17. Nxe4 Bxe4 18. Rd6 f6 19. f3 Bc6 20. Bd3 Kf7 21. Rd1 Bd5 22. Kb1 Rhc8 23. Qa3 Rc6 24. c5 Rac8 25. Bb5 R6c7 26. Re1 Bc6 27. Bc4 Rb8 28. Qd3 Kg8 29. Rexe6 1-0

[Event "Titled Tuesday intern op 20th Aug Late"]
[Site "Chess.com INT"]
[Date "2024.08.20"]
[Round "3"]
[White "Ragger, Markus"]
[Black "Sivakumar, Shaaketh"]
[Result "1-0"]
[WhiteElo "2603"]
[BlackElo "2307"]
[PlyCount "127"]
[EventDate "2024.08.20"]
[EventType "swiss (blitz)"]
[EventRounds "11"]
[EventCountry "USA"]
[SourceTitle "EXT 2025"]
[Source "ChessBase"]
[SourceDate "2024.10.14"]
[SourceVersion "1"]
[SourceVersionDate "2024.10.14"]
[SourceQuality "1"]

1. d4 e6 2. e4 d5 3. Nd2 c5 4. Ngf3 Nc6 5. exd5 exd5 6. Bb5 Qe7+ 7. Qe2 Qxe2+ 8. Kxe2 a6 9. Bxc6+ bxc6 10. Re1 f6 11. dxc5 Bxc5 12. Nb3 Bd6 13. Be3 Ne7 14. Bc5 Kd7 15. Nfd4 a5 16. a4 Bxc5 17. Nxc5+ Kd6 18. Ndb3 Ng6 19. Kd2 Ne5 20. Rad1 Bf5 21. Kc3 Rhb8 22. f4 Nc4 23. h3 h5 24. Re2 Re8 25. Rde1 Rxe2 26. Rxe2 Rb8 27. h4 Bg4 28. Re1 Bf5 29. g3 Bg4 30. Nd3 Bf5 31. Ndc5 Bg4 32. Nd3 Bh3 33. Ndc5 Bf5 34. Nd3 g6 35. Ndc5 Bg4 36. Nd3 Bf5 37. Ndc5 Bh3 38. Nd3 Bg4 39. Ndc5 Bf5 40. Nd3 Bxd3 41. cxd3 Nb6 42. Ra1 c5 43. Nxa5 Ra8 44. b4 cxb4+ 45. Kxb4 Rb8 46. Kc3 Ra8 47. Kb4 Rb8 48. Kc3 Rc8+ 49. Kd4 Ra8 50. Nb7+ Kc6 51. Nc5 Ra5 52. Ne6 Ra8 53. a5 Nd7 54. a6 Kd6 55. f5 gxf5 56. Ng7 Ne5 57. Nxf5+ Kc6 58. a7 Nf3+ 59. Ke3 Ne5 60. d4 Nc4+ 61. Kf4 Kb6 62. Ne7 Na5 63. Nxd5+ Kc6 64. Rxa5 1-0

[Event "Titled Tuesday intern op 23rd Jul Late"]
[Site "Chess.com INT"]
[Date "2024.07.23"]
[Round "4"]
[White "Sivakumar, Shaaketh"]
[Black "Gonzalez Mojica, Renan Arturo"]
[Result "1-0"]
[WhiteElo "2368"]
[BlackElo "2003"]
[PlyCount "127"]
[EventDate "2024.07.23"]
[EventType "swiss (blitz)"]
[EventRounds "11"]
[EventCountry "USA"]
[SourceTitle "EXT 2025"]
[Source "ChessBase"]
[SourceDate "2024.10.14"]
[SourceVersion "1"]
[SourceVersionDate "2024.10.14"]
[SourceQuality "1"]

1. d4 d6 2. e4 Nf6 3. Nc3 g6 4. f3 c6 5. Be3 b5 6. Qd2 Nbd7 7. g4 Nb6 8. 0-0-0 h5 9. gxh5 Nxh5 10. Nge2 Bg7 11. Nf4 Ng3 12. Rg1 Nxf1 13. Rdxf1 Nc4 14. Qe2 Nxe3 15. Qxe3 Rxh2 16. Rh1 Rxh1 17. Rxh1 b4 18. Rh7 bxc3 19. Rxg7 cxb2+ 20. Kb1 Qa5 21. e5 dxe5 22. dxe5 Bf5 23. Rg8+ Kd7 24. Rxa8 c5 25. Nd3 Kc6 26. e6 Bxe6 27. Qe4+ Bd5 28. Rc8+ Kd7 29. Qxd5+ Kxc8 30. Qxc5+ Qxc5 31. Nxc5 f6 32. Kxb2 Kc7 33. Kc3 Kd6 34. Kd4 e5+ 35. Kc4 f5 36. Nd3 g5 37. Nf2 Kc6 38. a4 a5 39. c3 Kd6 40. Kb5 Kd5 41. c4+ Kd4 42. c5 Ke3 43. c6 Kxf2 44. c7 Kxf3 45. c8Q f4 46. Kxa5 g4 47. Kb5 g3 48. a5 g2 49. Qg8 Kf2 50. a6 g1Q 51. Qxg1+ Kxg1 52. a7 f3 53. a8Q f2 54. Qg8+ Kh2 55. Qh7+ Kg2 56. Qg6+ Kh2 57. Qh5+ Kg1 58. Qg4+ Kh2 59. Qf3 Kg1 60. Qg3+ Kf1 61. Kc4 e4 62. Kd4 Ke1 63. Ke3 Kd1 64. Qxf2 1-0

[Event "Pan American-ch U18 34th"]
[Site "Orlando"]
[Date "2024.07.15"]
[Round "1"]
[White "Liu, Henry"]
[Black "Sivakumar, Shaaketh"]
[Result "1-0"]
[WhiteElo "1967"]
[BlackElo "2368"]
[PlyCount "151"]
[EventDate "2024.07.15"]
[EventType "swiss"]
[EventRounds "9"]
[EventCountry "USA"]
[SourceTitle "EXT 2025"]
[Source "ChessBase"]
[SourceDate "2024.10.14"]
[SourceVersion "1"]
[SourceVersionDate "2024.10.14"]
[SourceQuality "1"]

1. d4 d5 2. Bf4 c5 3. Nc3 Nc6 4. e4 cxd4 5. exd5 dxc3 6. dxc6 Qxd1+ 7. Rxd1 bxc6 8. Bc7 Bb7 9. bxc3 Nf6 10. Rb1 Bc8 11. Nf3 Nd5 12. Ba5 e6 13. Ne5 Bc5 14. Nxc6 0-0 15. Bc4 Nb6 16. Bxb6 axb6 17. 0-0 Bb7 18. Ne5 Ba6 19. a4 Rfc8 20. Bb5 Bxb5 21. axb5 Ra2 22. Rfc1 f6 23. Nc6 Kf7 24. Kf1 Rca8 25. Nb4 R2a5 26. Na6 Rc8 27. Rd1 Ra2 28. Rd2 Be7 29. Rb3 e5 30. Ke2 Ke6 31. Kd3 f5 32. f3 Bg5 33. Re2 Ra4 34. Rb4 Ra1 35. c4 Be7 36. Kc3 Bxb4+ 37. Nxb4 Ra3+ 38. Kb2 Ra5 39. Kb3 Ra1 40. Nd3 Rb1+ 41. Ka2 Rh1 42. Nxe5 Kd6 43. Nf7+ Kc5 44. Kb3 Kd4 45. Rd2+ Ke3 46. Rd3+ Ke2 47. Rd6 Rb8 48. Ne5 Rxh2 49. Nd7 Rh8 50. Nxb6 Rxg2 51. c5 h5 52. c6 Rg1 53. c7 Rd1 54. Rxd1 Kxd1 55. c8Q Rxc8 56. Nxc8 h4 57. b6 h3 58. b7 h2 59. b8Q h1Q 60. Qd6+ Ke2 61. Qe5+ Kf2 62. Qd4+ Ke2 63. Qd3+ Kf2 64. Qd4+ Ke2 65. Qc4+ Kf2 66. Qc5+ Ke2 67. Qe5+ Kf2 68. Qxf5 Qb1+ 69. Kc4 Qa2+ 70. Kb5 Qb2+ 71. Kc6 Qc3+ 72. Qc5+ Qxc5+ 73. Kxc5 Kxf3 74. Kd5 g5 75. Nd6 g4 76. Ne4 1-0

[Event "San Jose 1000 GM 07"]
[Site "San Jose"]
[Date "2024.07.06"]
[Round "6"]
[White "Sivakumar, Shaaketh"]
[Black "Martinez Romero, Martin"]
[Result "0-1"]
[WhiteElo "2368"]
[BlackElo "2403"]
[PlyCount "70"]
[EventDate "2024.07.03"]
[EventType "tourn"]
[EventRounds "9"]
[EventCountry "USA"]
[EventCategory "6"]
[SourceTitle "CBM 221 Extra"]
[Source "ChessBase"]
[SourceDate "2024.09.30"]
[SourceVersion "1"]
[SourceVersionDate "2024.09.30"]
[SourceQuality "1"]

1. e4 c5 2. Nf3 Nc6 3. Bb5 g6 4. 0-0 Bg7 5. c3 e5 6. b4 cxb4 7. d4 exd4 8. cxd4 Qb6 9. Bc4 Nge7 10. e5 0-0 11. Bf4 d5 12. exd6 Nf5 13. Nbd2 Nfxd4 14. Rc1 Bf5 15. Nb3 Nxf3+ 16. Qxf3 Ne5 17. Qg3 Rfe8 18. Rfd1 Nxc4 19. Rxc4 Qa6 20. Rc5 Qe2 21. Rcc1 Bb2 22. h3 Bxc1 23. Rxc1 Rac8 24. Rc5 Rxc5 25. Nxc5 b6 26. Nb3 Qxa2 27. Kh2 Qb2 28. Nd2 Qc3 29. Nf3 b3 30. Bd2 Qd3 31. Bc1 Qc2 32. Nd4 Qxc1 33. Nxf5 Re1 34. Qg4 Rh1+ 35. Kg3 Qc3+ 0-1

[Event "San Jose 1000 GM 07"]
[Site "San Jose"]
[Date "2024.07.04"]
[Round "2"]
[White "Grigoryan, Karen H"]
[Black "Sivakumar, Shaaketh"]
[Result "1/2-1/2"]
[WhiteElo "2573"]
[BlackElo "2368"]
[PlyCount "84"]
[EventDate "2024.07.03"]
[EventType "tourn"]
[EventRounds "9"]
[EventCountry "USA"]
[EventCategory "6"]
[SourceTitle "CBM 221 Extra"]
[Source "ChessBase"]
[SourceDate "2024.09.30"]
[SourceVersion "1"]
[SourceVersionDate "2024.09.30"]
[SourceQuality "1"]

1. e4 e6 2. d4 d5 3. Nd2 c5 4. Ngf3 Nc6 5. exd5 exd5 6. Bb5 Qe7+ 7. Be2 Qc7 8. 0-0 Nf6 9. Re1 cxd4 10. Nb3 Be7 11. Nfxd4 0-0 12. Bf3 a6 13. Bg5 Ne5 14. h3 h6 15. Bh4 Ng6 16. Bxf6 Bxf6 17. Bxd5 Nf4 18. Be4 Rd8 19. c3 Ne6 20. Nxe6 Bxe6 21. Qf3 Rab8 22. Rad1 b5 23. Nd4 Bxa2 24. Qf5 Bxd4 25. Qh7+ Kf8 26. Bd5 Be5 27. Bxa2 Rxd1 28. Rxd1 b4 29. cxb4 Rxb4 30. Re1 g6 31. Qxh6+ Bg7 32. Qe3 Bf6 33. Rc1 Qd7 34. Qg3 Rb7 35. h4 Qd2 36. Rc6 Qd1+ 37. Kh2 Qd4 38. Rc4 Qxb2 39. Ra4 Qe5 40. Rxa6 Qd4 41. f4 Rb4 42. h5 Qxf4 1/2-1/2

[Event "Titled Tuesday intern op 02nd Jul Late"]
[Site "Chess.com INT"]
[Date "2024.07.02"]
[Round "6"]
[White "Romero Barreto, Jaime Jose"]
[Black "Sivakumar, Shaaketh"]
[Result "1-0"]
[WhiteElo "2328"]
[BlackElo "2368"]
[PlyCount "155"]
[EventDate "2024.07.02"]
[EventType "swiss (blitz)"]
[EventRounds "11"]
[EventCountry "USA"]
[SourceTitle "EXT 2025"]
[Source "ChessBase"]
[SourceDate "2024.10.14"]
[SourceVersion "1"]
[SourceVersionDate "2024.10.14"]
[SourceQuality "1"]

1. e4 e6 2. Nf3 d5 3. Nc3 d4 4. Ne2 Nf6 5. e5 Nfd7 6. Nexd4 Nxe5 7. Nxe5 Qxd4 8. Nf3 Qd7 9. d4 f6 10. Bc4 g6 11. 0-0 Bg7 12. Bxe6 Qxe6 13. Re1 0-0 14. Rxe6 Bxe6 15. c3 Nc6 16. Bf4 Rac8 17. Qe2 Rfe8 18. Qb5 g5 19. Bg3 h5 20. h4 g4 21. d5 gxf3 22. dxe6 fxg2 23. Qxb7 Ne7 24. Rd1 Nf5 25. Qd5 Ne7 26. Qxh5 Rb8 27. Rd7 Bf8 28. Qf7+ Kh8 29. Qxf8+ Rxf8 30. Rxe7 Rbe8 31. Rxc7 Rxe6 32. Rxa7 f5 33. Bf4 Re4 34. Bg5 Rg4 35. f3 Rg3 36. Bf4 Rg6 37. Bg5 Rb8 38. b4 Rc8 39. Kxg2 Rxc3 40. b5 Rb6 41. a4 Ra3 42. Kg3 Kg8 43. Be7 Ra2 44. Bc5 Rg6+ 45. Kf4 Rc2 46. Be3 Re6 47. Bg1 Re1 48. Bb6 Re6 49. Bc7 Rf6 50. Be5 Rc4+ 51. Kg5 Rb6 52. f4 Kf8 53. Kxf5 Rc2 54. h5 Rh2 55. h6 Kg8 56. Rg7+ Kf8 57. h7 Rh5+ 58. Ke4 Rxe5+ 59. fxe5 Kxg7 60. Kd5 Kxh7 61. Kc5 Rg6 62. a5 Kg7 63. a6 Rg1 64. a7 Ra1 65. b6 Kf7 66. Kc6 Ke6 67. Kb7 Kxe5 68. a8Q Rh1 69. Qe8+ Kd6 70. Qc6+ Ke7 71. Qxh1 Kd7 72. Ka7 Kd6 73. b7 Kc5 74. b8Q Kd4 75. Qd1+ Kc5 76. Qb6+ Kc4 77. Qbb3+ Kc5 78. Qdd5# 1-0

[Event "Las Vegas 1000 GM June GM-A"]
[Site "Las Vegas"]
[Date "2024.06.14"]
[Round "8"]
[White "Sivakumar, Shaaketh"]
[Black "Cordova, Emilio"]
[Result "0-1"]
[WhiteElo "2369"]
[BlackElo "2529"]
[PlyCount "70"]
[EventDate "2024.06.10"]
[EventType "tourn"]
[EventRounds "9"]
[EventCountry "USA"]
[EventCategory "7"]
[SourceTitle "CBM 220 Extra"]
[Source "ChessBase"]
[SourceDate "2024.07.31"]
[SourceVersion "1"]
[SourceVersionDate "2024.07.31"]
[SourceQuality "1"]

1. Nf3 c5 2. c4 g6 3. g3 Bg7 4. Bg2 Nc6 5. Nc3 d6 6. d3 e6 7. 0-0 Nge7 8. e3 0-0 9. d4 b6 10. b3 Ba6 11. Bb2 d5 12. Nb5 Nf5 13. Ne5 Nxe5 14. dxe5 Bxb5 15. cxb5 Qc7 16. g4 Nh4 17. f4 Nxg2 18. Kxg2 a6 19. bxa6 b5 20. b4 cxb4 21. Qb3 Qc4 22. Kg3 Rxa6 23. Rac1 Qe4 24. Rfd1 g5 25. Rd4 gxf4+ 26. exf4 Qe2 27. Rxb4 h5 28. gxh5 Ra4 29. a3 Rxb4 30. axb4 Bh6 31. Rc2 Qe4 32. Rf2 Kh8 33. Qf3 Rg8+ 34. Kh3 Qf5+ 35. Kh4 Bf8 0-1

[Event "Las Vegas 1000 GM June GM-A"]
[Site "Las Vegas"]
[Date "2024.06.11"]
[Round "3"]
[White "Jiang, Lucas"]
[Black "Sivakumar, Shaaketh"]
[Result "1/2-1/2"]
[WhiteElo "2293"]
[BlackElo "2369"]
[PlyCount "54"]
[EventDate "2024.06.10"]
[EventType "tourn"]
[EventRounds "9"]
[EventCountry "USA"]
[EventCategory "7"]
[SourceTitle "CBM 220 Extra"]
[Source "ChessBase"]
[SourceDate "2024.07.31"]
[SourceVersion "1"]
[SourceVersionDate "2024.07.31"]
[SourceQuality "1"]

1. e4 c6 2. Nf3 d5 3. d3 g6 4. e5 Bg7 5. d4 Bg4 6. h3 Bxf3 7. Qxf3 c5 8. c3 Nc6 9. Bb5 Qb6 10. Bxc6+ bxc6 11. Qd3 h5 12. 0-0 Nh6 13. Bxh6 Bxh6 14. b3 0-0 15. Nd2 cxd4 16. cxd4 Qb5 17. Qc3 c5 18. dxc5 Rfc8 19. b4 a5 20. a3 Rab8 21. Rab1 d4 22. Qc2 Qe2 23. Rfd1 d3 24. Qc3 axb4 25. axb4 Bxd2 26. Qxd2 Qxd2 27. Rxd2 Rxc5 1/2-1/2

[Event "Titled Tuesday intern op 21st May Late"]
[Site "Chess.com INT"]
[Date "2024.05.21"]
[Round "7"]
[White "Baskakov, Egor"]
[Black "Sivakumar, Shaaketh"]
[Result "1-0"]
[WhiteElo "2215"]
[BlackElo "2369"]
[PlyCount "99"]
[EventDate "2024.05.21"]
[EventType "swiss (blitz)"]
[EventRounds "11"]
[EventCountry "USA"]
[SourceTitle "CBM 220 Extra"]
[Source "ChessBase"]
[SourceDate "2024.07.31"]
[SourceVersion "1"]
[SourceVersionDate "2024.07.31"]
[SourceQuality "1"]

1. e4 e6 2. Nc3 d5 3. g3 c5 4. Bg2 d4 5. Nce2 Nc6 6. d3 g5 7. h3 Bg7 8. f4 h6 9. Nf3 gxf4 10. Nxf4 Nf6 11. 0-0 e5 12. Nd5 Nxd5 13. exd5 Ne7 14. c4 Bf5 15. Nh4 Bh7 16. Qh5 Bg6 17. Nxg6 fxg6 18. Qg4 Qd6 19. b4 cxb4 20. a3 b3 21. Rb1 b6 22. Rxb3 h5 23. Qe4 Nf5 24. Rxf5 gxf5 25. Qxf5 Qf6 26. Be4 Qxf5 27. Bxf5 Bh6 28. Bb2 Be3+ 29. Kg2 Ke7 30. a4 Kf6 31. Be4 Raf8 32. Ba3 Rf7 33. h4 Kg7 34. Bd6 Re8 35. a5 Rf2+ 36. Kh3 Rf6 37. c5 bxc5 38. Bxc5 Rf7 39. d6 Rc8 40. Ba3 Rc2 41. g4 Bf4 42. gxh5 Rh2+ 43. Kg4 Kf6 44. Bg6 Rd7 45. Rb8 Rg2+ 46. Kf3 Rg3+ 47. Ke4 Re3+ 48. Kd5 e4 49. Bxe4 Bg3 50. h6 1-0

[Event "Titled Tuesday intern op 21st May Late"]
[Site "Chess.com INT"]
[Date "2024.05.21"]
[Round "4"]
[White "Nazari, Arad"]
[Black "Sivakumar, Shaaketh"]
[Result "0-1"]
[WhiteElo "2370"]
[BlackElo "2369"]
[PlyCount "104"]
[EventDate "2024.05.21"]
[EventType "swiss (blitz)"]
[EventRounds "11"]
[EventCountry "USA"]
[SourceTitle "CBM 220 Extra"]
[Source "ChessBase"]
[SourceDate "2024.07.31"]
[SourceVersion "1"]
[SourceVersionDate "2024.07.31"]
[SourceQuality "1"]

1. e4 e6 2. d4 d5 3. e5 c5 4. c3 Nc6 5. Nf3 Qb6 6. a3 cxd4 7. cxd4 Nge7 8. Bd3 Bd7 9. Bc2 Nf5 10. Bxf5 exf5 11. Nc3 Be6 12. 0-0 Be7 13. b4 Rc8 14. Qd3 0-0 15. Na4 Qc7 16. h4 Nd8 17. Bg5 Bxg5 18. hxg5 Qc4 19. Qe3 b6 20. Nb2 Qc2 21. Nd3 Rc3 22. Rfc1 Qb3 23. Rcb1 Qc4 24. Rd1 f4 25. Qd2 Bg4 26. Rac1 Rxc1 27. Rxc1 Qb3 28. Rc3 Qb1+ 29. Nc1 Bxf3 30. Rxf3 Ne6 31. Kh2 Rc8 32. Rc3 Rd8 33. Nd3 Nxg5 34. Qc2 Qxc2 35. Rxc2 Ne6 36. Rc1 g5 37. Kh3 h5 38. Rc6 Nxd4 39. Rh6 Ne6 40. Rxh5 Kg7 41. Kg4 Rc8 42. Kf5 Rc3 43. Rh3 Rxa3 44. Nxf4 Rxh3 45. Nxh3 a5 46. bxa5 bxa5 47. Ng1 a4 48. Ne2 a3 49. Nc3 d4 50. Na2 d3 51. Ke4 d2 52. Nc3 a2 0-1

[Event "Titled Tuesday intern op 21st May Late"]
[Site "Chess.com INT"]
[Date "2024.05.21"]
[Round "3"]
[White "Sivakumar, Shaaketh"]
[Black "Zakhartsov, Vladimir"]
[Result "0-1"]
[WhiteElo "2369"]
[BlackElo "2510"]
[PlyCount "60"]
[EventDate "2024.05.21"]
[EventType "swiss (blitz)"]
[EventRounds "11"]
[EventCountry "USA"]
[SourceTitle "CBM 220 Extra"]
[Source "ChessBase"]
[SourceDate "2024.07.31"]
[SourceVersion "1"]
[SourceVersionDate "2024.07.31"]
[SourceQuality "1"]

1. d4 Nf6 2. Bf4 d5 3. e3 c5 4. Nf3 Nc6 5. Nbd2 Nh5 6. dxc5 Nxf4 7. exf4 Qa5 8. Bd3 Qxc5 9. 0-0 g6 10. c4 Bg7 11. cxd5 Qxd5 12. Be4 Qd6 13. Nc4 Qxf4 14. Qa4 0-0 15. Bxc6 bxc6 16. Rae1 Be6 17. Rxe6 fxe6 18. Qxc6 Rac8 19. Qxe6+ Qf7 20. Qxf7+ Rxf7 21. b3 Rd8 22. h3 Rf5 23. Re1 Bf6 24. Nh2 Rfd5 25. Ne3 Rd2 26. Nhg4 Rxa2 27. Kh2 h5 28. Nxf6+ exf6 29. f4 Re8 30. Kg3 Rb2 0-1